| 000 | 01951cam a22004814a 4500 | ||
|---|---|---|---|
| 001 | muse82375 | ||
| 003 | MdBmJHUP | ||
| 005 | 20210127151512.0 | ||
| 006 | m o d | ||
| 007 | cr||||||||nn|n | ||
| 008 | 751212m19751992nyu o 00 0 eng d | ||
| 020 | _a9780823287284 | ||
| 020 | _z9780823209941 | ||
| 035 | _a(OCoLC)1138624568 | ||
| 040 |
_aMdBmJHUP _cMdBmJHUP |
||
| 100 | 1 |
_aBryant, William Cullen, _d1794-1878. |
|
| 245 | 1 | 4 |
_aThe Letters of William Cullen Bryant _bVolume IV, 1858-1864 / _cedited by William Cullen Bryant II and Thomas G. Voss. |
| 250 | _a1st ed. | ||
| 264 | 1 | _bFordham University Press, | |
| 264 | 3 | _bProject MUSE, | |
| 300 |
_a1 online resource (1 online resource 6 volumes) : _billustrations) |
||
| 505 | 0 | _aV. 1. 1809-1836 -- v. 2. 1836-1849 -- v. 3. 1849-1857 -- v. 4. 1858-1864 -- v. 5. 1865-1871 -- v. 6. 1872-1878. | |
| 506 | 0 |
_aOpen Access _fUnrestricted online access _2star |
|
| 588 | _aDescription based on print version record. | ||
| 600 | 1 | 1 |
_aBryant, William C. _2swd |
| 600 | 1 | 1 |
_aBryant, William Cullen, _d1794-1878. _2fast _0(OCoLC)fst00053985 |
| 600 | 1 | 1 |
_aBryant, William Cullen, _d1794-1878 _xCorrespondance. |
| 600 | 1 | 1 |
_aBryant, William Cullen, _d1794-1878 _vCorrespondence. |
| 650 | 0 |
_aBriefsammlung _2gnd |
|
| 650 | 0 |
_aPoets, American. _2fast _0(OCoLC)fst01067794 |
|
| 650 | 0 |
_aPoets, American _y19th century _vCorrespondence. |
|
| 655 | 0 |
_aPersonal correspondence. _2fast _0(OCoLC)fst01919948 |
|
| 655 | 7 |
_aElectronic books. _2local |
|
| 700 | 1 | _aVoss, Thomas G. | |
| 700 | 1 |
_aBryant, William Cullen, _d1908-1999. |
|
| 710 | 2 |
_aProject Muse. _edistributor |
|
| 830 | 0 | _aBook collections on Project MUSE. | |
| 856 | 4 | 0 |
_zFull text available: _uhttps://muse.jhu.edu/book/73005/ |
| 999 |
_c25966 _d25966 |
||